000 00234nam a2200097Ia 4500
008 120527s9999 xx 000 0 und d
100 _aMATSURO, K.
245 _aProtobiology: Physical basis of Biology
260 _bCourse
942 _cBK
999 _c25819
_d25819